Statistiques concernant Culture générale-Foot

Cliquez ici pour prendre le quiz!

Statistiques générales

  • Ce quiz a été pris 253 fois
  • Le résultat moyen est 10 sur 15

Statistiques - réponses

QuestionRéponse% Correct
Où s'est déroulé la première coupe du monde de l'histoire ?En Uruguay
92%
Où jouait Neymar avant de signer au Barça ?Santos
92%
Qui est le meilleur Buteur de l'histoire de L'équipe de France ?Giroud 54 Buts
84%
Qui est le meilleur buteur de l'histoire en sélection ?C.Ronaldo
81%
Qui a gagné l'Euro en 2000 ?France sur un but en or de Trezeguet
78%
Qui a remporté le dernier ballon d'or avant l'ère Messi/Ronaldo ?Kaka
78%
Quel est le pays de Georges Best ?Irlande du Nord
76%
De quelle nationalité est le meilleur buteur de l'histoire en Coupe du Monde ?Allemand
74%
Qui a gagné le ballon d'or en 2005 ?Ronaldinho
69%
En quelle année Messi a remporté son premier ballon d'or ?2009
64%
En quelle année le Réal Madrid a remporté la "Decima" ?2014
59%
A combien s'élèvent le record du nombre de buts sur une année civile ?91
56%
Qui a gagné la coupe du monde en 1986 ?Argentine
54%
Combien de Ligue des Champions ont été remportées par le Milan AC ?7
45%
Quand a été crée le FC Barcelone ?1899
43%

Distribution des résultats

Percentile par nombre de réponses

% des personnes avec chaque résultat

Votre développement - résultats

Vous n’avez pas pris ce quiz